[Event "8th ch-Euro"]
[Site "Dresden GER"]
[Date "2007.04.03"]
[Round "1"]
[White "Fruebing,S"]
[Black "Ftacnik,L"]
[Result "0-1"]
[WhiteElo "2301"]
[BlackElo "2582"]
[EventDate "2007.04.03"]

1. e4 c5 2. Nf3 d6 3. d4 cxd4 4. Nxd4 Nf6 5. Nc3 a6 6. Be3 e5 7. Nf3 Be7 8.
Bc4 O-O 9. O-O Nc6 10. Bb3 Na5 11. Qe2 Nxb3 12. axb3 Be6 13. Rfd1 Qc7 14.
Bg5 Ne8 15. Rd2 Rc8 16. Rad1 f6 17. Bh4 b5 18. Qd3 Qb7 19. Re2 Nc7 20. h3
Bf7 21. Qe3 Bg6 22. Bg3 b4 23. Na4 d5 24. Nb6 d4 25. Nxc8 dxe3 26. Nxe7+
Kh8 27. Nxg6+ hxg6 28. Rxe3 Ne6 29. Ne1 Qb6 30. Kh2 Rc8 31. Red3 Nf4 32.
R3d2 Nh5 33. Nd3 a5 34. Re2 Rc6 35. Rdd2 g5 36. f3 Qc7 37. Ne1 Kh7 38. Rd5
Nf4 39. Bxf4 gxf4 40. Red2 Qb6 41. R5d3 Kg6 42. Re2 Rd6 43. Rxd6 Qxd6 44.
Nd3 Qd4 45. Re1 Kh6 46. Ra1 Qb6 47. Re1 g6 48. Kh1 Kg5 49. Kh2 Kh4 50. Ra1
Qd8 51. Rf1 Qc7 52. Rc1 f5 53. c4 Qd6 54. Rd1 Qd4 55. c5 fxe4 56. fxe4 Qxe4
57. Ne1 Kh5 58. Nf3 Qc6 59. Rc1 e4 60. Nd4 Qc7 61. c6 f3+ 62. g3 f2 63. Kg2
e3 64. Nb5 f1=Q+ 65. Kxf1 Qf7+ 0-1

[Event "8th ch-Euro"]
[Site "Dresden GER"]
[Date "2007.04.03"]
[Round "1"]
[White "Bruned,Y"]
[Black "Azarov,S"]
[Result "0-1"]
[WhiteElo "2335"]
[BlackElo "2583"]
[EventDate "2007.04.03"]

1. e4 d5 2. exd5 Qxd5 3. Nc3 Qa5 4. d4 Nf6 5. Bc4 Bg4 6. f3 Bf5 7. Nge2 e6
8. Bd2 Qb6 9. g4 Bg6 10. h4 h6 11. Nf4 Nc6 12. Nxg6 fxg6 13. Na4 Qxd4 14.
Qe2 Qe5 15. Bb5 Qg3+ 16. Qf2 Qxf2+ 17. Kxf2 O-O-O 18. Rad1 Bd6 19. Bxc6
bxc6 20. Be3 Rhf8 21. Ke2 h5 22. g5 Nd5 23. Bxa7 Rf5 24. Bd4 e5 25. Be3
Rdf8 26. Rh3 Rf4 27. b3 e4 28. fxe4 Rxe4 29. Kd3 Nxe3 30. Rxe3 Rxh4 31.
Rde1 Rg4 32. Nc3 Bb4 33. Re8+ Rxe8 34. Rxe8+ Kd7 35. Re3 Bxc3 36. Kxc3 Rxg5
37. a4 h4 38. b4 Kc8 39. Kd4 Kb7 40. c3 Rg1 41. Rh3 g5 42. Ke3 c5 43. Ke4
cxb4 44. cxb4 g6 45. Ke5 Rg4 0-1

[Event "8th ch-Euro"]
[Site "Dresden GER"]
[Date "2007.04.03"]
[Round "1"]
[White "Khismatullin,D"]
[Black "Beck,F"]
[Result "1-0"]
[WhiteElo "2599"]
[BlackElo "2346"]
[EventDate "2007.04.03"]

1. d4 Nf6 2. c4 c5 3. d5 b5 4. cxb5 a6 5. bxa6 g6 6. Nc3 Bxa6 7. g3 Bg7 8.
Bg2 d6 9. Nf3 Nbd7 10. Rb1 O-O 11. O-O Qa5 12. Bd2 Rfb8 13. Qc2 Nb6 14. b3
Qa3 15. Bc1 Qa5 16. Rd1 Bb7 17. e4 Nfd7 18. Bd2 Qa3 19. Bc1 Qa5 20. Bb2 c4
21. Nd4 Rc8 22. b4 Qxb4 23. Nc6 Bxc6 24. dxc6 Ne5 25. Nd5 Nxd5 26. Bxe5
Bxe5 27. Rxb4 Nxb4 28. Qxc4 Nxc6 29. Rc1 Na7 30. Qf1 Rxc1 31. Qxc1 Nb5 32.
Qc6 Rb8 33. Bf1 Nd4 34. Qd7 Rb1 35. Kg2 e6 36. a4 Rb2 37. Bc4 Nc2 38. Kh3
Ne1 39. Qa7 Rb4 40. Bb5 Nf3 41. Kg2 Ne1+ 42. Kf1 Nf3 43. Be8 Ng5 44. Qe7
1-0

[Event "8th ch-Euro"]
[Site "Dresden GER"]
[Date "2007.04.03"]
[Round "1"]
[White "Sobolevsky,L"]
[Black "Halkias,S"]
[Result "0-1"]
[WhiteElo "2336"]
[BlackElo "2583"]
[EventDate "2007.04.03"]

1. e4 e5 2. Nf3 Nc6 3. d4 exd4 4. c3 d5 5. Bd3 Nf6 6. e5 Ne4 7. O-O dxc3 8.
Nxc3 Nxc3 9. bxc3 Be7 10. Re1 Be6 11. Rb1 Rb8 12. Qc2 h6 13. Nd4 Nxd4 14.
cxd4 Qc8 15. f4 g6 16. Be3 c6 17. Rec1 h5 18. Bd2 Bf5 19. Bxf5 gxf5 20. Bb4
Bxb4 21. Rxb4 Rh6 22. Rb3 h4 23. Rh3 Qd7 24. Qf2 Qe7 25. Qc2 Qe6 26. Qf2
Qe7 27. Qc2 Rh5 28. Qe2 Rh8 29. Qc2 Qe6 30. Qf2 Qh6 31. Rf1 Kd7 32. Qc2 Qg6
33. Rb1 b6 34. Rc1 Rbc8 35. Rf3 Qe6 36. a4 c5 37. dxc5 Rxc5 38. Rc3 Rhc8
39. Qd3 Rxc3 40. Rxc3 Rxc3 41. Qxc3 Qc6 42. Qa3 Qc5+ 43. Qxc5 bxc5 44. Kf2
d4 45. g3 0-1

[Event "8th ch-Euro"]
[Site "Dresden GER"]
[Date "2007.04.03"]
[Round "1"]
[White "Markus,Rob"]
[Black "Eisenbeiser,A"]
[Result "0-1"]
[WhiteElo "2560"]
[BlackElo "2329"]
[EventDate "2007.04.03"]

1. d4 g6 2. c4 Bg7 3. e4 d6 4. Nc3 e5 5. Nf3 exd4 6. Nxd4 Nc6 7. Be3 Nge7
8. Be2 O-O 9. O-O f5 10. Nxc6 Nxc6 11. exf5 Bxf5 12. Qd2 Qd7 13. Rad1 Qf7
14. Bh6 Bxh6 15. Qxh6 Ne5 16. b3 Rad8 17. Qh4 Qf6 18. Qg3 c6 19. Rfe1 Rd7
20. Bf1 Nf7 21. b4 Re7 22. Rxe7 Qxe7 23. b5 Re8 24. Qf4 Qe5 25. Qd2 Qc5 26.
Rc1 Qb6 27. Nd1 Qc5 28. Ne3 Bd7 29. Rd1 Re7 30. Qb2 Qe5 31. Qa3 Qc5 32.
Qxc5 dxc5 33. a4 Kg7 34. g3 Ng5 35. Bg2 Ne6 36. bxc6 Bxc6 37. Bxc6 bxc6 38.
Rb1 Kf6 39. Kg2 Ke5 40. h4 Nd4 41. a5 a6 42. Rb6 Ra7 43. f3 Nf5 44. Nxf5
gxf5 45. g4 fxg4 46. fxg4 Kd4 47. Kf3 Rf7+ 48. Kg3 Kxc4 49. Rxa6 Kd5 50.
Rb6 c4 51. Rb1 c3 52. g5 Kc4 53. Kg4 c2 54. Rc1 Kb3 55. Kh5 Ra7 56. Kh6 Kb2
0-1

[Event "8th ch-Euro"]
[Site "Dresden GER"]
[Date "2007.04.03"]
[Round "1"]
[White "Paehtz,T jr"]
[Black "Stocek,J"]
[Result "1/2-1/2"]
[WhiteElo "2318"]
[BlackElo "2566"]
[EventDate "2007.04.03"]

1. e4 c5 2. c3 d6 3. d4 Nf6 4. Bd3 Qc7 5. h3 e5 6. Nf3 Be7 7. O-O O-O 8.
Na3 a6 9. dxe5 dxe5 10. Nc4 b5 11. Ncxe5 Bd6 12. Ng4 Nxg4 13. hxg4 Bxg4 14.
e5 Be7 15. Qe2 Nd7 16. Bxh7+ Kxh7 17. Qe4+ Kg8 18. Qxg4 Nxe5 19. Nxe5 Qxe5
20. Bf4 Qe6 21. Qxe6 fxe6 22. Bg3 Rf5 23. Rfe1 Kf7 24. a4 b4 25. cxb4 cxb4
26. Rac1 Bc5 27. Red1 Rh8 28. Kf1 Rh1+ 29. Ke2 Rxd1 30. Rxd1 Ke7 31. b3 Rh5
32. Rd3 Rf5 33. Rd1 Rh5 34. Rd3 g6 35. Rd1 Rh8 36. Rc1 Rh5 37. Rd1 Rh8 38.
Rc1 Rh5 1/2-1/2

[Event "8th ch-Euro"]
[Site "Dresden GER"]
[Date "2007.04.03"]
[Round "1"]
[White "Kurnosov,I"]
[Black "Sowray,P"]
[Result "1-0"]
[WhiteElo "2580"]
[BlackElo "2325"]
[EventDate "2007.04.03"]

1. e4 c5 2. Nf3 a6 3. Nc3 b5 4. g3 Bb7 5. d3 d6 6. Bg2 g6 7. O-O Bg7 8. Nh4
b4 9. Ne2 e5 10. c3 Nc6 11. f4 exf4 12. Bxf4 Nge7 13. Qd2 h6 14. Be3 a5 15.
Nf3 Ba6 16. c4 g5 17. g4 Ne5 18. Nxe5 Bxe5 19. Rad1 Qd7 20. h3 Nc6 21. Rf5
Nd4 22. Nxd4 cxd4 23. Bf2 Qa7 24. a3 Rb8 25. Ra1 f6 26. axb4 axb4 27. Ra4
Qb6 28. Be1 b3 29. Qd1 Bc8 30. Rf1 Rh7 31. Rb4 Qxb4 32. Bxb4 Rxb4 33. Qa1
Rhb7 34. Qa8 Rb8 35. Qd5 Ra4 36. c5 dxc5 37. Rc1 Ra5 38. Qg8+ Ke7 39. Qg7+
Ke8 40. Qxh6 Be6 41. h4 gxh4 42. g5 Ke7 43. Qg7+ Ke8 44. gxf6 Bf7 45. Bh3
Bf4 46. Qh8+ 1-0

[Event "8th ch-Euro"]
[Site "Dresden GER"]
[Date "2007.04.03"]
[Round "1"]
[White "Dinger,F"]
[Black "Korneev,O"]
[Result "0-1"]
[WhiteElo "2286"]
[BlackElo "2606"]
[EventDate "2007.04.03"]

1. e4 e5 2. Nf3 Nc6 3. Bb5 a6 4. Bxc6 dxc6 5. O-O f6 6. d4 exd4 7. Nxd4 c5
8. Ne2 Qxd1 9. Rxd1 Bd7 10. Nbc3 O-O-O 11. Be3 b6 12. Rd2 Re8 13. Rad1 Bc6
14. f3 Ne7 15. Nf4 Ng6 16. Nxg6 hxg6 17. Bf4 Be7 18. Nd5 Bd8 19. c4 g5 20.
Bg3 a5 21. b3 g6 22. h3 f5 23. Re1 a4 24. Rde2 a3 25. exf5 Rxe2 26. Rxe2
Bxd5 27. cxd5 gxf5 28. Re6 f4 29. Be1 Kd7 30. Bc3 Rf8 31. Kf2 Be7 32. Ke2
Bd6 33. Rf6 Re8+ 34. Kd2 Be5 35. Rf5 Bxc3+ 36. Kxc3 b5 37. Rxg5 Re3+ 38.
Kc2 Re2+ 39. Kc3 Rxa2 40. Rg6 b4+ 41. Kc4 Rc2+ 42. Kb5 Rc3 43. Ra6 Rxb3 44.
Kxc5 Rb2 0-1

[Event "8th ch-Euro"]
[Site "Dresden GER"]
[Date "2007.04.03"]
[Round "1"]
[White "Lupulescu,C"]
[Black "Jorczik,J"]
[Result "1-0"]
[WhiteElo "2566"]
[BlackElo "2294"]
[EventDate "2007.04.03"]

1. e4 c5 2. Nf3 e6 3. d4 cxd4 4. Nxd4 Nf6 5. Nc3 Nc6 6. Ndb5 Bb4 7. a3
Bxc3+ 8. Nxc3 d5 9. exd5 exd5 10. Bd3 O-O 11. O-O d4 12. Ne2 Qd5 13. Nf4
Qd6 14. Nh5 Nxh5 15. Qxh5 h6 16. Bd2 Bd7 17. f4 f5 18. Rae1 Qf6 19. Re2
Rfe8 20. Rfe1 Rxe2 21. Rxe2 Nd8 22. Re5 Kh7 23. Re1 Nf7 24. Bb4 g6 25. Qf3
Bc6 26. Qf2 b6 27. Re7 a5 28. Bc4 Be8 29. Re6 Qg7 30. Be7 b5 31. Bf6 Qf8
32. Bd5 Rc8 33. Qxd4 Rxc2 34. Re7 Rc1+ 35. Kf2 Rc2+ 36. Kg3 g5 37. Qd3
gxf4+ 38. Kxf4 Rf2+ 39. Kg3 Kg6 40. Re6 1-0

[Event "8th ch-Euro"]
[Site "Dresden GER"]
[Date "2007.04.03"]
[Round "1"]
[White "Becker,Mi1"]
[Black "Lopez Martinez,J"]
[Result "0-1"]
[WhiteElo "2313"]
[BlackElo "2550"]
[EventDate "2007.04.03"]

1. e4 c6 2. Nf3 d5 3. exd5 cxd5 4. Ne5 Nf6 5. d4 e6 6. c3 Nfd7 7. Bb5 a6 8.
Qh5 g6 9. Qf3 Qe7 10. Bg5 Qxg5 11. Qxf7+ Kd8 12. Bxd7 Qc1+ 13. Ke2 Qc2+ 14.
Nd2 Nxd7 15. Nd3 Bh6 16. Rhd1 b6 17. Rac1 Qa4 18. f4 a5 19. Nf3 Ba6 20. Kf2
Bxd3 21. Rxd3 Qb5 22. Rcd1 Kc7 23. b3 Raf8 24. Qxe6 Bxf4 25. g3 Bh6 26. Kg2
Qc6 27. Qh3 Bg7 28. Re1 Re8 29. Rde3 Rxe3 30. Rxe3 Bf6 31. Ng1 Bg5 32. Re6
Qxc3 33. Qg4 Qc2+ 34. Ne2 Bd2 35. Qf3 Qf5 36. Nf4 Bxf4 37. Qc3+ Kb8 38. Qc6
Bc7 39. Qxd7 Rf8 0-1

[Event "8th ch-Euro"]
[Site "Dresden GER"]
[Date "2007.04.03"]
[Round "1"]
[White "Jahnel,G"]
[Black "Kotanjian,T"]
[Result "0-1"]
[WhiteElo "2303"]
[BlackElo "2524"]
[EventDate "2007.04.03"]

1. d4 d5 2. c4 c6 3. Nf3 Nf6 4. e3 a6 5. b3 Bg4 6. Nbd2 e6 7. Bd3 Bd6 8.
Bb2 O-O 9. O-O Nbd7 10. Qc2 Qb8 11. h3 Bh5 12. Rac1 Re8 13. Rfe1 a5 14. a3
Bg6 15. Bxg6 hxg6 16. e4 dxe4 17. Nxe4 Bf4 18. Rcd1 Qc7 19. Re2 Red8 20.
Rde1 Nxe4 21. Rxe4 Nf6 22. R4e2 c5 23. dxc5 Qxc5 24. Bxf6 gxf6 25. Rxe6 f5
26. Re7 b5 27. Qc3 bxc4 28. bxc4 Rac8 29. R1e6 Rd1+ 30. Ne1 Qd4 31. Re8+
Rxe8 32. Rxe8+ Kg7 33. Qf3 Ra1 34. Qd5 Qxd5 35. cxd5 Bd6 36. Kf1 Bxa3 37.
Ke2 Ra2+ 38. Kf3 Rd2 39. Re2 Rd4 40. Ra2 Bb4 41. Nc2 Rd3+ 42. Ne3 Ra3 43.
Rb2 Bc3 44. Rb7 Ra2 45. g4 fxg4+ 46. hxg4 Be1 47. Nd1 a4 48. Rb1 a3 49. Ke3
Rc2 50. Ra1 a2 51. f4 Bc3 52. Nxc3 Rxc3+ 53. Kd4 Ra3 54. Kc5 Kf6 0-1

[Event "8th ch-Euro"]
[Site "Dresden GER"]
[Date "2007.04.03"]
[Round "1"]
[White "Peterson,Er"]
[Black "Epishin,V"]
[Result "0-1"]
[WhiteElo "2302"]
[BlackElo "2554"]
[EventDate "2007.04.03"]

1. e4 c5 2. d4 cxd4 3. c3 d3 4. c4 e6 5. Bxd3 Bc5 6. Nf3 d6 7. O-O Nc6 8.
Nc3 Nge7 9. Na4 e5 10. h3 O-O 11. a3 a5 12. Nxc5 dxc5 13. Be3 b6 14. Qc2
Ng6 15. Rfd1 h6 16. Rd2 Nd4 17. Bxd4 cxd4 18. Rc1 Be6 19. Qb3 Qb8 20. Qb5
Rc8 21. b4 axb4 22. axb4 f6 23. c5 bxc5 24. bxc5 Nf4 25. Qxb8 Raxb8 26. Ne1
Rb3 27. h4 Rc3 28. Rcd1 R8xc5 29. g3 Nxd3 30. Nxd3 Ra5 31. Rb1 Ra2 32. Rb8+
Kh7 33. Rxa2 Bxa2 34. Nb4 Bb1 35. Nd5 Rc1+ 0-1

[Event "8th ch-Euro"]
[Site "Dresden GER"]
[Date "2007.04.03"]
[Round "1"]
[White "Drozdovskij,Y"]
[Black "Loxine,J"]
[Result "1-0"]
[WhiteElo "2562"]
[BlackElo "2301"]
[EventDate "2007.04.03"]

1. d4 Nf6 2. c4 g6 3. Nf3 Bg7 4. g3 O-O 5. Bg2 d6 6. O-O Nbd7 7. Qc2 e5 8.
Rd1 Qe7 9. Nc3 c6 10. b3 Re8 11. e4 exd4 12. Nxd4 Nc5 13. f3 a5 14. Be3
Nfd7 15. Bf2 Ne5 16. h3 a4 17. Rab1 axb3 18. axb3 Na6 19. Na2 Nc5 20. Nc1
Ned7 21. Nce2 Nf8 22. b4 Nce6 23. Qd2 Ng5 24. Kh2 f5 25. exf5 c5 26. Re1
Qd8 27. h4 cxd4 28. hxg5 Bxf5 29. Rbd1 Ra3 30. Nxd4 Rd3 31. Rxe8 Qxe8 32.
Qc1 Bxd4 33. Bxd4 Qe2 34. Rxd3 Qxd3 35. Ba1 Ne6 36. Qb2 Qxc4 37. Qh8+ Kf7
38. Qxh7+ Kf8 39. Qxb7 Nxg5 40. Bf6 Nf7 41. Qe7+ Kg8 42. Qe8+ Kh7 43. Qf8
1-0

[Event "8th ch-Euro"]
[Site "Dresden GER"]
[Date "2007.04.03"]
[Round "1"]
[White "Kersten,U"]
[Black "Godena,M"]
[Result "1/2-1/2"]
[WhiteElo "2311"]
[BlackElo "2530"]
[EventDate "2007.04.03"]

1. e4 e5 2. Nf3 Nc6 3. Nc3 Nf6 4. d4 exd4 5. Nxd4 Bb4 6. Nxc6 bxc6 7. Bd3
O-O 8. O-O d5 9. exd5 cxd5 10. Bg5 c6 11. Na4 h6 12. Bh4 Bd6 13. Re1 Bf4
14. c4 Rb8 15. Bg3 1/2-1/2

[Event "8th ch-Euro"]
[Site "Dresden GER"]
[Date "2007.04.03"]
[Round "1"]
[White "Novikov,St"]
[Black "Koepke,C"]
[Result "1/2-1/2"]
[WhiteElo "2535"]
[BlackElo "2285"]
[EventDate "2007.04.03"]

1. g3 c5 2. Bg2 g6 3. e4 Bg7 4. Nf3 Nc6 5. O-O d6 6. c3 e5 7. a3 Nge7 8. b4
O-O 9. Bb2 h6 10. d3 Be6 11. Nbd2 b6 12. Qe2 Qd7 13. Ne1 Rae8 14. Nc2 f5
15. exf5 gxf5 16. b5 Nd8 17. c4 f4 18. a4 e4 19. Bxg7 f3 20. Nxf3 exf3 21.
Bxf3 Kxg7 22. a5 Nf7 23. axb6 axb6 24. Ne3 Ne5 25. Be4 Nf5 26. f4 Nxe3 27.
Qxe3 Ng4 28. Qf3 Qf7 29. f5 Qh5 30. h4 Bg8 31. Qf4 Ne5 32. Ra6 Rb8 33. Ra7+
Rf7 34. Re7 Rbf8 35. f6+ Kh8 36. Re6 Rd8 37. Qe3 Bh7 38. Bd5 Bg6 39. Re7
Rxe7 40. fxe7 Re8 41. Qf4 Kh7 42. Qf8 Nd7 43. Rf7+ Bxf7 44. Be4+ Bg6 45.
Qf7+ Kh8 46. Bxg6 Qd1+ 47. Kf2 Qd2+ 48. Kf1 Qd1+ 1/2-1/2

[Event "8th ch-Euro"]
[Site "Dresden GER"]
[Date "2007.04.03"]
[Round "1"]
[White "Ovetchkin,R"]
[Black "Eichner,S"]
[Result "1-0"]
[WhiteElo "2534"]
[BlackElo "2276"]
[EventDate "2007.04.03"]

1. Nf3 Nf6 2. c4 g6 3. Nc3 Bg7 4. e4 d6 5. d4 O-O 6. h3 e5 7. d5 a5 8. Bg5
Na6 9. Nd2 Qe8 10. Be2 Nd7 11. a3 f6 12. Bh4 Bh6 13. b4 Qf7 14. c5 Naxc5
15. bxc5 Bxd2+ 16. Qxd2 Nxc5 17. Rb1 g5 18. Bg3 Qg6 19. f3 f5 20. Bf2 fxe4
21. Bxc5 exf3 22. Bxf3 dxc5 23. O-O Ra6 24. Be4 Rxf1+ 25. Rxf1 Qg7 26. Qf2
g4 27. Qh4 Rd6 28. Bxh7+ Kh8 29. Rf8+ Qxf8 30. Bg6+ Kg7 31. Qh7+ Kf6 32.
Ne4+ 1-0

[Event "8th ch-Euro"]
[Site "Dresden GER"]
[Date "2007.04.03"]
[Round "1"]
[White "Giemsa,S"]
[Black "Zelcic,R"]
[Result "0-1"]
[WhiteElo "2286"]
[BlackElo "2557"]
[EventDate "2007.04.03"]

1. d4 Nf6 2. c4 e6 3. Nf3 c5 4. d5 b5 5. dxe6 fxe6 6. cxb5 d5 7. Bf4 Bd6 8.
Bxd6 Qxd6 9. Nc3 e5 10. e4 d4 11. Bc4 Be6 12. Bxe6 Qxe6 13. Na4 Nbd7 14.
O-O Nxe4 15. Re1 Qd5 16. Qd3 Nef6 17. Nxe5 Nxe5 18. Qf5 Nfd7 19. f4 Qf7 20.
Qxf7+ Kxf7 21. fxe5 Ke6 22. Rac1 Rhc8 23. b3 Rab8 24. Nb2 Rxb5 25. Nd3 g5
26. Rc2 a5 27. h4 h6 28. hxg5 hxg5 29. Nb2 Nb6 30. Rf2 Nd5 31. Nc4 Rc7 32.
Nd6 Rb8 33. Ne4 Ne3 34. Nxg5+ Kxe5 35. Nf3+ Kd5 36. Nd2 Rh7 37. Nf1 Rbh8
38. Rf3 Rh1+ 39. Kf2 Rxf1+ 40. Rxf1 Nxf1 41. Kxf1 Rh1+ 42. Ke2 Ra1 43. Kd3
Rxa2 44. Rf5+ Kd6 45. Rf6+ Kd5 46. Rf5+ Kc6 47. g4 Rb2 0-1

[Event "8th ch-Euro"]
[Site "Dresden GER"]
[Date "2007.04.03"]
[Round "1"]
[White "Anastasian,A"]
[Black "Loew,G"]
[Result "1-0"]
[WhiteElo "2587"]
[BlackElo "2285"]
[EventDate "2007.04.03"]

1. d4 Nf6 2. c4 e6 3. Nf3 Bb4+ 4. Nbd2 b6 5. g3 Bb7 6. Bg2 O-O 7. O-O d5 8.
cxd5 exd5 9. Ne5 Nbd7 10. Ndf3 Bd6 11. Bg5 Qe8 12. Bf4 Ne4 13. Nd3 Qe7 14.
Nd2 Rfe8 15. Re1 c5 16. dxc5 Ndxc5 17. Bxd6 Qxd6 18. Nxc5 Qxc5 19. e3 Rac8
20. Nb3 Qc2 21. Bxe4 dxe4 22. Qd7 Qc7 23. Red1 Re7 24. Qf5 Rd8 25. Rxd8+
Qxd8 26. Rc1 Rd7 27. Nd4 g6 28. Qf4 Kg7 29. h4 Qf6 30. Qg4 Re7 31. h5 Bd5
32. Qh3 Qg5 33. hxg6 fxg6 34. Qc8 Qf6 35. Rc7 Qf7 36. Rxe7 Qxe7 37. a3 h5
38. Kg2 Kh7 39. Qb8 Qd7 40. Qe5 Qf7 41. g4 hxg4 42. Kg3 Qd7 43. Qf4 Kg7 44.
Qe5+ Kh7 45. Ne2 Qf7 46. Nf4 Bb7 47. Kxg4 Bc8+ 48. Kg3 Bf5 49. Nd5 1-0

[Event "8th ch-Euro"]
[Site "Dresden GER"]
[Date "2007.04.03"]
[Round "1"]
[White "Smeets,J"]
[Black "Vaznonis,V"]
[Result "1/2-1/2"]
[WhiteElo "2538"]
[BlackElo "2279"]
[EventDate "2007.04.03"]

1. e4 e6 2. d4 d5 3. e5 c5 4. c3 Qb6 5. Nf3 Bd7 6. Na3 cxd4 7. cxd4 Nc6 8.
Be2 Bb4+ 9. Kf1 Bxa3 10. bxa3 Na5 11. Bd2 Bb5 12. Bxa5 Qxa5 13. Qb3 Bxe2+
14. Kxe2 Qa6+ 15. Ke3 Ne7 16. a4 Nf5+ 17. Kd2 Qa5+ 18. Ke2 O-O 19. Rhc1 Qd8
20. Qxb7 Nh4 21. Ne1 Qg5 22. Kf1 Qf4 23. g3 Qe4 24. Qb1 Qh1+ 25. Ke2 Rab8
26. Qd3 Nf5 27. g4 Nh4 28. Nc2 Qg2 29. Rg1 Qe4+ 30. Qxe4 dxe4 31. Rgc1 Nf3
32. h3 Rfc8 33. Ne1 Nxd4+ 34. Ke3 Nc6 35. Kxe4 Rb4+ 36. Ke3 g6 37. Nd3 Rxa4
38. a3 Ne7 39. Rxc8+ Nxc8 40. Nc5 Ra5 41. Nd7 Nb6 42. Nf6+ Kg7 43. Ke4 g5
44. Kd4 Ra4+ 45. Kc3 Ra5 46. Kd4 Ra4+ 47. Kc3 Ra5 48. Kd4 1/2-1/2

[Event "8th ch-Euro"]
[Site "Dresden GER"]
[Date "2007.04.03"]
[Round "1"]
[White "Huschenbeth,N"]
[Black "Shomoev,A"]
[Result "0-1"]
[WhiteElo "2259"]
[BlackElo "2556"]
[EventDate "2007.04.03"]

1. e4 c5 2. Nf3 d6 3. d4 cxd4 4. Nxd4 Nf6 5. Nc3 a6 6. Bg5 e6 7. f4 Qc7 8.
Bxf6 gxf6 9. Qd2 Nd7 10. Be2 h5 11. O-O-O b5 12. Kb1 Nb6 13. e5 d5 14. f5
fxe5 15. fxe6 fxe6 16. Ncxb5 axb5 17. Bxb5+ Bd7 18. Nxe6 Qd6 19. Bxd7+ Kxd7
20. Nxf8+ Rhxf8 21. Rhf1 Rxf1 22. Rxf1 Rf8 23. Qe2 Nc4 24. Rd1 Kc6 25. b3
Qa3 26. c3 Nd6 27. Qxe5 Qc5 28. Qd4 Ne4 29. c4 Qxd4 30. Rxd4 Rf1+ 31. Kc2
Rf2+ 32. Kd3 Nf6 33. cxd5+ Nxd5 34. g3 Rxa2 35. Rh4 Nf6 36. Ke3 Kd6 37. Kf4
Ke6 38. Kg5 Ra5+ 39. Kg6 Ra8 40. Rf4 Rg8+ 41. Kh6 Kf7 0-1

[Event "8th ch-Euro"]
[Site "Dresden GER"]
[Date "2007.04.03"]
[Round "1"]
[White "Cao Sang"]
[Black "Nagatz,F"]
[Result "1-0"]
[WhiteElo "2488"]
[BlackElo "2276"]
[EventDate "2007.04.03"]

1. e4 c5 2. Nf3 e6 3. Nc3 a6 4. g3 Nc6 5. Bg2 d6 6. O-O Bd7 7. d3 Nf6 8.
Ne1 Be7 9. f4 O-O 10. g4 Bc8 11. g5 Nd7 12. Nf3 Nd4 13. Be3 e5 14. Nd5
Nxf3+ 15. Qxf3 exf4 16. Bxf4 Nb6 17. Nxe7+ Qxe7 18. Qg3 Rd8 19. h4 Be6 20.
c4 Nc8 21. h5 Na7 22. g6 fxg6 23. Bg5 Qe8 24. Bxd8 Rxd8 25. hxg6 Qxg6 26.
Qxg6 hxg6 27. e5 dxe5 28. Bxb7 Rxd3 29. b3 a5 30. Rae1 Rg3+ 31. Kf2 Rd3 32.
Rxe5 Bd7 33. Rxc5 a4 34. Bd5+ Kh7 35. Rh1+ 1-0

[Event "8th ch-Euro"]
[Site "Dresden GER"]
[Date "2007.04.03"]
[Round "1"]
[White "Bobras,P"]
[Black "Asauskas,H"]
[Result "1-0"]
[WhiteElo "2542"]
[BlackElo "2264"]
[EventDate "2007.04.03"]

1. e4 e5 2. Nf3 Nc6 3. Bb5 f5 4. Nc3 Nf6 5. exf5 Be7 6. d4 exd4 7. Nxd4
Nxd4 8. Qxd4 c6 9. Bd3 d5 10. Bg5 O-O 11. O-O-O Qa5 12. Rhe1 Bc5 13. Qh4
Bd7 14. Kb1 b5 15. g4 Qb6 16. Rf1 Rae8 17. Bc1 Be7 18. g5 d4 19. Ne2 c5 20.
gxf6 Bxf6 21. Qg4 Be6 22. Ng3 Bd5 23. Be4 Bf7 24. Qf3 Re5 25. Bf4 Qa6 26.
Qa3 Qb6 27. Bxe5 1-0

[Event "8th ch-Euro"]
[Site "Dresden GER"]
[Date "2007.04.03"]
[Round "1"]
[White "Graf,F"]
[Black "Kuzubov,Y"]
[Result "0-1"]
[WhiteElo "2249"]
[BlackElo "2554"]
[EventDate "2007.04.03"]

1. d4 Nf6 2. c4 e6 3. Nf3 Bb4+ 4. Bd2 Qe7 5. g3 Nc6 6. Bg2 Bxd2+ 7. Nbxd2
d6 8. Nf1 O-O 9. Ne3 e5 10. O-O Re8 11. d5 Nb8 12. b4 a5 13. a3 Ng4 14. Qb3
Nxe3 15. Qxe3 Nd7 16. Rac1 b6 17. Rc2 Nf6 18. Nd2 Bf5 19. Ne4 axb4 20. axb4
Bxe4 21. Bxe4 Qd7 22. Bg2 Ra4 23. Rb1 Rea8 24. h3 h5 25. c5 Qf5 26. Rbc1
Ra1 27. Kh2 R8a3 28. cxb6 Rxe3 29. bxc7 Rxc1 30. Rxc1 Qxf2 31. c8=Q+ Kh7
32. Qc2+ Ne4 33. Rf1 Qxg3+ 34. Kh1 Qg6 0-1

[Event "8th ch-Euro"]
[Site "Dresden GER"]
[Date "2007.04.03"]
[Round "1"]
[White "Arutinian,D"]
[Black "Hindermann,F"]
[Result "1-0"]
[WhiteElo "2552"]
[BlackElo "2260"]
[EventDate "2007.04.03"]

1. d4 e6 2. c4 b6 3. a3 Bb7 4. Nc3 f5 5. d5 Nf6 6. g3 Na6 7. Bg2 Nc5 8. Qc2
a5 9. Nh3 Be7 10. O-O O-O 11. Rd1 Qc8 12. Rb1 c6 13. d6 Bd8 14. b4 axb4 15.
axb4 Na6 16. Na4 Nb8 17. Be3 b5 18. cxb5 Nd5 19. Bxd5 exd5 20. bxc6 Nxc6
21. Qb3 Kh8 22. Rdc1 d4 23. Bf4 Qb8 24. Nc5 Bc8 25. b5 Na5 26. Qd5 Bf6 27.
Qxf5 1-0

[Event "8th ch-Euro"]
[Site "Dresden GER"]
[Date "2007.04.03"]
[Round "1"]
[White "Yaksin,O"]
[Black "Baramidze,D"]
[Result "0-1"]
[WhiteElo "2236"]
[BlackElo "2561"]
[EventDate "2007.04.03"]

1. d4 Nf6 2. Nf3 g6 3. Bg5 d5 4. Nbd2 Bg7 5. c3 c6 6. e3 Bf5 7. Be2 O-O 8.
O-O Nbd7 9. b4 h6 10. Bh4 g5 11. Bg3 Nh5 12. Nxg5 Nxg3 13. fxg3 Bg6 14. Nh3
e5 15. Nf3 Qe7 16. Qd2 Rae8 17. Rae1 exd4 18. exd4 Qe3+ 19. Qxe3 Rxe3 20.
b5 Rxc3 21. bxc6 bxc6 22. Rc1 Rxc1 23. Rxc1 Rc8 24. Kf2 Be4 25. Nf4 Bxf3
26. Bxf3 Bxd4+ 27. Kf1 Nb6 28. Ke2 Bb2 29. Rc2 Be5 30. Nd3 Bd6 31. Bg4 Rc7
32. Bf3 c5 33. Nf4 Re7+ 34. Kd3 c4+ 35. Kd4 Be5+ 36. Kc5 Rc7+ 37. Kb5 Bxf4
38. gxf4 d4 39. Kb4 c3 40. Be4 Nc4 41. Bd3 Ne3 42. Rc1 c2 43. Be4 Rc4+ 44.
Kb3 Rc3+ 45. Kb4 a5+ 0-1

[Event "8th ch-Euro"]
[Site "Dresden GER"]
[Date "2007.04.03"]
[Round "1"]
[White "Dizdar,G"]
[Black "Nagel,B"]
[Result "1-0"]
[WhiteElo "2541"]
[BlackElo "2273"]
[EventDate "2007.04.03"]

1. d4 e6 2. Nf3 f5 3. g3 Nf6 4. Bg2 d5 5. O-O Bd6 6. b3 Qe7 7. c4 c6 8. Bb2
Nbd7 9. Qc1 O-O 10. Ne5 Ne4 11. e3 g6 12. f3 Ng5 13. Nd2 Nxe5 14. dxe5 Bc5
15. Bd4 b6 16. Bxc5 Qxc5 17. Qc3 Bb7 18. Rfc1 Rfd8 19. b4 Qe7 20. c5 Rdc8
21. Bf1 Qc7 22. Rab1 Qg7 23. Be2 Nf7 24. f4 g5 25. Nb3 g4 26. Nd4 Nd8 27.
Kf2 h5 28. h3 Rc7 29. Rh1 Qg6 30. hxg4 hxg4 31. Rh4 Rh7 32. Rbh1 Rxh4 33.
Rxh4 Rc8 34. Qc2 Kg7 35. Bxg4 fxg4 36. f5 exf5 37. Nxf5+ Kf7 38. Nh6+ Kg7
39. Rxg4 Qxg4 40. Nxg4 Ne6 41. Qf5 Rf8 42. Nf6 Kf7 43. Nh7+ 1-0

[Event "8th ch-Euro"]
[Site "Dresden GER"]
[Date "2007.04.03"]
[Round "1"]
[White "Armbrust,F"]
[Black "Naumann,A"]
[Result "0-1"]
[WhiteElo "2261"]
[BlackElo "2549"]
[EventDate "2007.04.03"]

1. e4 c5 2. Nc3 d6 3. f4 g6 4. Nf3 Bg7 5. Bc4 Nc6 6. O-O e6 7. d3 Nge7 8.
Qe1 O-O 9. Kh1 Na5 10. Bd2 Nxc4 11. dxc4 Nc6 12. Be3 Nd4 13. Qd2 Qb6 14. b3
Nxf3 15. Rxf3 Qa5 16. Bf2 Bd7 17. Be1 Bc6 18. Qxd6 Rad8 19. Qe7 Rd7 20. Qh4
Qd8 21. Qxd8 Rfxd8 22. Re3 Bh6 23. g3 g5 24. fxg5 Bxg5 25. Re2 f5 26. Kg1
Bf6 27. e5 Bg5 28. Kf2 Rf8 29. Rd1 Rxd1 30. Nxd1 f4 31. Bd2 f3 32. Bxg5
fxe2+ 33. Kxe2 Bf3+ 34. Ke1 Bxd1 35. Kxd1 Rf2 36. h4 Rg2 37. Bf4 h5 38. a3
Kf7 39. b4 Rg1+ 40. Kd2 Ra1 41. Be3 Rxa3 42. Bxc5 Rxg3 43. Bxa7 Rg4 44. Bf2
Rxc4 45. c3 b5 46. Kd3 Kg6 47. Be1 Kf5 48. Bg3 Kg4 0-1

[Event "8th ch-Euro"]
[Site "Dresden GER"]
[Date "2007.04.03"]
[Round "1"]
[White "Romanishin,O"]
[Black "Lubbe,N"]
[Result "1-0"]
[WhiteElo "2572"]
[BlackElo "2243"]
[EventDate "2007.04.03"]

1. d4 Nf6 2. Nf3 e6 3. g3 b6 4. Bg2 Bb7 5. c4 c5 6. O-O cxd4 7. Qxd4 Nc6 8.
Qf4 Rc8 9. Rd1 Na5 10. b3 g6 11. Nc3 Bg7 12. Ba3 Bf8 13. Bxf8 Kxf8 14. Ne5
Qe7 15. Qxf6 Qxf6 16. Nxd7+ Ke7 17. Nxf6 Kxf6 18. Rd7 Rb8 19. Rad1 a6 20.
Bxb7 Rxb7 21. Ne4+ Kg7 22. Ng5 Re8 23. Nxf7 Re7 24. Ne5 Kf6 25. Rxe7 1-0